Sobreviviendo en la Convertibilidad. (Registro nro. 16641)
[ vista simple ]
| 000 -LEADER | |
|---|---|
| fixed length control field | 00425 a2200145 4500 |
| 001 - CONTROL NUMBER | |
| control field | ART_3710 |
| 005 - DATE AND TIME OF LATEST TRANSACTION | |
| control field | 20260410161717.0 |
| 008 - FIXED-LENGTH DATA ELEMENTS--GENERAL INFORMATION | |
| fixed length control field | 260409a |
| 100 1# - MAIN ENTRY--PERSONAL NAME | |
| Personal name | López, Andrés |
| 245 10 - TITLE STATEMENT | |
| Title | Sobreviviendo en la Convertibilidad. |
| 700 1# - ADDED ENTRY--PERSONAL NAME | |
| Personal name | Chudnovsky, Daniel |
| 700 1# - ADDED ENTRY--PERSONAL NAME | |
| Personal name | Pupato, Germán |
| 700 1# - ADDED ENTRY--PERSONAL NAME | |
| Personal name | Rossi, Gastón |
| 773 0# - HOST ITEM ENTRY | |
| Title | Desarrollo económico |
| Related parts | - Vol. 44, Nº 175 (oct./dic. 2004) |
| Record control number | REV1174 |
No hay ítems disponibles.